| 000 | 00847cam a22002654a 4500 | ||
|---|---|---|---|
| 008 | |||
| 020 | _a9780471671855 (hbk.) | ||
| 049 | _aMAIN | ||
| 090 |
_aHD57.7 _bLEA |
||
| 245 | 0 | 0 |
_aLeadership and governance from the inside out / _cRobert Gandossy, Jeffrey Sonnenfeld, editors. |
| 260 |
_aHoboken, N.J. : _bJ. Wiley, _cc2004. |
||
| 300 |
_axxii, 297 p. ; _c24 cm. |
||
| 504 | _aIncludes bibliographical references. | ||
| 650 | 0 | _aLeadership. | |
| 650 | 0 | _aCorporate governance. | |
| 650 | 0 |
_aCorporations _xCorrupt practices. |
|
| 650 | 0 |
_aChief executive officers _xConduct of life. |
|
| 700 | 1 | _aGandossy, Robert P. | |
| 700 | 1 | _aSonnenfeld, Jeffrey A. | |
| 907 |
_a.b1034746x _b05-10-17 _c06-10-14 |
||
| 003 | |||
| 005 | 20230123122108.0 | ||
| 040 | _cNUST | ||
| 942 |
_cBOOKS _kHD57.7 _mLEA |
||
| 999 |
_c127729 _d127729 |
||